000 00569cam a2200205ua 4500
001 1188
008 110613n ii |||gr||||Z||||||asm
020 _a81-85905-43-6
040 _cMAIN
082 _a330.954
245 1 0 _aBharatiya arthaniti :
_buttar-pub anchalar arthanitisaha /
_cby Manirul Huda
250 _a3rd enl. & rev. ed.
260 _aGuwahati:
_bStudents stores,994.
300 _axxiii, 515p.:
_c23cm.
653 _aEconomics
653 _aIndian economy
700 1 _aHuda, Manirul,
_eAuthor.
700 1 _aBordoloi, Gupal,
_eAuthor.
942 _cBK
999 _c1098
_d1098